| 000 | 00615nam a2200193Ia 4500 | ||
|---|---|---|---|
| 003 | GCL | ||
| 008 | 140319s9999 xx 000 0 ara d | ||
| 020 | _a1276327977 | ||
| 040 |
_aGCL / _cGCL |
||
| 082 | 0 | 4 |
_a301.42 _bع ع |
| 100 | 1 | _aعبدالرؤوف الضبع | |
| 245 | 1 | 0 |
_aعلم الاجتماع العائلى / _cعبدالرؤوف الضبع |
| 260 |
_aالقاهرة : _bدار الوفاء لدنيا الطباعة والنشر |
||
| 300 |
_a245 ص ؛ _c24 سم |
||
| 650 | 0 | 4 | _aالاسرة |
| 650 | 0 | 4 | _aالعلاقات الاسرية |
| 650 | 0 | 4 | _aالاجتماع، علم |
| 942 |
_2ddc _cBK |
||
| 999 |
_c5256 _d5256 |
||